Green Infrastructure (Record no. 115055)

MARC details
000 -LEADER
fixed length control field 00851cam a22002535a 4500
001 - CONTROL NUMBER
control field L157985
008 - FIXED-LENGTH DATA ELEMENTS--GENERAL INFORMATION
fixed length control field 130926s2013 xxk f 000 0 eng d
020 ## - INTERNATIONAL STANDARD BOOK NUMBER
International Standard Book Number 9781611900620
035 ## - SYSTEM CONTROL NUMBER
System control number (Sirsi) u157985
041 0# - LANGUAGE CODE
Language code of text/sound track or separate title eng
050 04 - LIBRARY OF CONGRESS CALL NUMBER
Classification number 711.58 20
100 1# - MAIN ENTRY--PERSONAL NAME
Personal name Rouse, David
245 00 - TITLE STATEMENT
Title Green Infrastructure
Remainder of title A Landscape Approach
260 ## - PUBLICATION, DISTRIBUTION, ETC.
Place of publication, distribution, etc. Chicago
Name of publisher, distributor, etc. American Planning Association
Date of publication, distribution, etc. 2013
300 ## - PHYSICAL DESCRIPTION
Extent 158p, 28cm
490 ## - SERIES STATEMENT
Series statement American Planning Association Planning Advisory Service Report Number 571
520 ## - SUMMARY, ETC.
Summary, etc. Report highlights the benefits of green infrastructure and shows how it can help produce clean air and water, reduce flooding and moderate the climate.
590 ## - LOCAL NOTE (RLIN)
Local note KA
651 #4 - SUBJECT ADDED ENTRY--GEOGRAPHIC NAME
Geographic name United States
690 ## - LOCAL SUBJECT ADDED ENTRY--TOPICAL TERM (OCLC, RLIN)
Topical term or geographic name as entry element Infrastructure
9 (RLIN) 6246
690 ## - LOCAL SUBJECT ADDED ENTRY--TOPICAL TERM (OCLC, RLIN)
Topical term or geographic name as entry element Sustainability
9 (RLIN) 6271
700 1# - ADDED ENTRY--PERSONAL NAME
Personal name Bunster-Ossa, Ignacio
942 ## - ADDED ENTRY ELEMENTS (KOHA)
Suppress in OPAC 0
Holdings
Withdrawn status Lost status Source of classification or shelving scheme Damaged status Not for loan Home library Current library Shelving location Date acquired Total Checkouts Full call number Barcode Date last seen Copy number Price effective from Koha item type
    Dewey Decimal Classification     London London Books 26/09/2013   711.58 20 30075137 06/08/2019 1 06/08/2019 Book